000 00824nam a2200241 4500
001 133350
003 ES-MaACL
005 20250815114028.0
007 t|
008 070214s1976 sp r ||||1| spa d
100 1 _aRudd, Dale F.
_9100479
245 1 0 _aEstrategia en ingeniería de procesos /
_cDale F. Rudd, Charles C. Watson ; versión de José Costa López : con la colaboración de José L. Sotelo.
250 _a1ª ed.
260 _aMadrid :
_bAlhambra,
_c1976.
300 _aXIII, 546 p. :
_bil. ;
_c21 cm.
490 1 _aTemas selectos de Química
700 1 _aWatson, Charles C.
_9116179
700 1 _aCosta López, José.
_941103
700 1 _aSotelo Sancho, José Luis.
_9107461
830 0 0 _aTemas selectos de química
_9219723
852 _aES-MaACL
_jA-6555
_bR.95241
999 _c133350
_d133350